000 00565nam a2200193Ia 4500
003 IN-BaIIA
008 211028s9999 xx 000 0 eng d
040 _cIIA Library
080 _a523.43
_bRIC
100 _aRichardson, R. S.
_95009
245 0 _aMars
_cRichardson R. S. and C. Bonestell
260 _aLondon
_bGeorge Allen & Unwin
_c1965
300 _aviii, 151p.
650 _aAstronomy and astrophysics thesaurus
650 _aMars
_91378
650 _aPlanets
_9971
700 _aBonestell, C.
_95010
942 _cBK
999 _c2800
_d2800